The glorious ka'abah & islam
| Main Author: | |
|---|---|
| Format: | Book |
| Published: |
Jeddah :
Al-Madinah Print-Press ,
2004
|
| Subjects: |
MARC
| LEADER | 00000cam a2200000 7i4500 | ||
|---|---|---|---|
| 001 | 0000103582 | ||
| 005 | 20060711.0 | ||
| 020 | |a 9960466531 | ||
| 090 | 0 | 0 | |a 297.352 |b SYE |
| 100 | 0 | |a Syed Farouq M. Al Huseini | |
| 245 | 1 | 4 | |a The glorious ka'abah & islam |c Syed Farouq M. Al Huseini |
| 260 | |a Jeddah : |b Al-Madinah Print-Press , |c 2004 | ||
| 300 | |a 192p. : |b ill. ; |c 28cm. | ||
| 650 | 0 | 0 | |a Islam (Saudi Arabia) |
| 650 | 0 | 0 | |a Mecca (Saudi Arabia) in Islam |
| 999 | |a 00188000 |b BUKU |c PINJAMAN |e PERPUSTAKAAN KOMUNITI PETALING JAYA | ||